Logo BPK

Biblioteka

Politechniki Koszalińskiej

Skrócone przepisy katalogowania alfabetycznego / (Rekord nr 12884)

Szczegóły MARC
000 -ETYKIETA REKORDU
podpole kontrolne o stałej długości 00441nam a2200157 i 4500
001 - NUMER KONTROLNY REKORDU
pole kontrolne bg
040 ## - ŹRÓDŁO KATALOGOWANIA
Instytucja, która utworzyła rekord BPK
041 ## - KOD JĘZYKA
Kod języka tekstu pol
008 - POLE O STAŁEJ DŁUGOŚCI - DANE KONTROLNE
podpole kontrolne o stałej długości s pl f |000 0 pol
100 1# - NAZWA OSOBOWA
Nazwa osobowa Grycz, Józef
Daty związane z nazwą (1890-1954).
245 10 - TYTUŁ/ODPOWIEDZIALNOŚĆ
Tytuł Skrócone przepisy katalogowania alfabetycznego /
Pozostałe elementy strefy tytułu i oznaczenia odpowiedzialności Józef Grycz, Władysława Borkowska.
250 ## - STREFA WYDANIA
Oznaczenie wydania Wyd.4 popr. i uzup.
260 ## - STREFA ADRESU WYDAWNICZEGO
Miejsce wydania Warszawa,
Data publikacji, dystrybucji/powstania dokumentu 1970.
700 1# - HASŁO DODATKOWE - NAZWA OSOBOWA
Nazwa osobowa Borkowska, Władysława.
856 ## - LOKALIZACJA I DOSTĘP DO ELEKTRONICZNYCH DOKUMENTÓW ZDALNYCH
Link (URL) http://koha.tu.koszalin.pl/cgi-bin/koha/opac-detail.pl?biblionumber=12884
Tekst linku Katalog online BPK
942 ## - DODATKOWE ELEMENTY (KOHA)
Typ dokumentu Książka
Egzemplarze
Wycofany Status egzemplarza Uszkodzony Dostępność Kolekcja Lokalizacja stała Lokalizacja bieżąca Miejsce przechowywania Sygnatura Kod kreskowy Typ dokumentu Uwaga przeznaczona na użytek publiczny Numer ubytku
      Tylko na miejscu Bibliotekarstwo Biblioteka Politechniki Koszalińskiej Biblioteka Politechniki Koszalińskiej Zbiory Wewnętrzne 9108 02125107 Książka D22  
  Egz. niedostępny   Niedostępny   Biblioteka Politechniki Koszalińskiej Biblioteka Politechniki Koszalińskiej   9110 01305562 Książka   8343
      Tylko na miejscu Bibliotekarstwo Biblioteka Politechniki Koszalińskiej Biblioteka Politechniki Koszalińskiej Zbiory Wewnętrzne 9111 01774917 Książka D22  
© 2023 Biblioteka Politechniki Koszalińskiej :: KOHA